000
00329 a2200109 4500
001
ART_14785
005
20260410161913.0
008
260409a
245
1
0
_a
Decentralization with externalities
100
1
_a
Laffont, Jean-Jacques
773
0
_t
European economic review
_g
- Vol. 7, NÂș 4 (may. 1976)
_w
REV13346
999
_c
27033
_d
27033